[Event "Mittelrhein Verbandsliga West 1920"]
[Site "Mittelrhein"]
[Date "2019.12.08"]
[Round "4.7"]
[White "Peters, Mathias"]
[Black "Bausch, Bernd"]
[Result "1/2-1/2"]
[WhiteElo "1765"]
[BlackElo "1700"]
[PlyCount "47"]
[EventDate "2019.09.29"]
[EventType "team-tourn"]
[EventRounds "9"]
[EventCountry "GER"]
[SourceTitle "EXT 2023"]
[Source "ChessBase"]
[SourceDate "2022.10.05"]
[SourceVersion "1"]
[SourceVersionDate "2022.10.05"]
[SourceQuality "1"]
[WhiteTeam "Brand SF"]
[BlackTeam "Lendersdorf"]
[WhiteTeamCountry "GER"]
[BlackTeamCountry "GER"]

1. e4 c5 2. Nf3 e6 3. d4 cxd4 4. Nxd4 a6 5. c4 Nf6 6. Bd3 Nc6 7. Nxc6 bxc6 8. 0-0 e5 9. Nc3 Bc5 10. Rb1 Rb8 11. a3 0-0 12. Qf3 Re8 13. h3 d6 14. Bg5 h6 15. Bxf6 Qxf6 16. Qxf6 gxf6 17. b4 Bb6 18. Kh1 Be6 19. Ne2 a5 20. f4 axb4 21. axb4 d5 22. c5 Bc7 23. f5 dxe4 24. Bxe4 1/2-1/2